KOHA-Header-6

Managing Knowledge (Record no. 6564)

000 -LEADER
fixed length control field 00252nam a2200109Ia 4500
100 ## - MAIN ENTRY--AUTHOR NAME
Personal name David A. Wilson
245 #0 - TITLE STATEMENT
Title Managing Knowledge
260 ## - PUBLICATION, DISTRIBUTION, ETC. (IMPRINT)
Place of publication London
Name of publisher Addison
Year of publication 1996
300 ## - PHYSICAL DESCRIPTION
Number of Pages 236
942 ## - ADDED ENTRY ELEMENTS (KOHA)
Koha item type Books
Holdings
Withdrawn status Lost status Collection code Permanent Location Current Location Shelving location Date acquired Full call number Accession Number Koha item type
    Management MAJU MAJU   2019-09-07 658.3 3217 Management

Powered by Koha